| 000 | 00411nam a2200169Ia 4500 | ||
|---|---|---|---|
| 008 | 230524s9999 xx 000 0 und d | ||
| 020 | _a9788184880567 | ||
| 082 |
_a658.45 _bGUP |
||
| 100 | _aS.C.Gupta | ||
| 245 | 0 | _aFundamentals of Statistics | |
| 250 | _a6TH | ||
| 260 |
_aNEW DELHI _bHimalaya _c2008 |
||
| 300 | _aXVIIIV;25-45 | ||
| 500 | _aQuantity Number: 50 | ||
| 650 | _aMathematics | ||
| 942 | _cBK | ||
| 999 |
_c38683 _d38683 |
||